| 000 | 00525nam a2200157 a 4500 | ||
|---|---|---|---|
| 001 | 000031287 | ||
| 005 | 20200930062827.0 | ||
| 008 | 110617s2011 dr 000 0 spa d | ||
| 020 | _a9789945875713 | ||
| 040 |
_aDO-SdBNP _bspa _cBNPHU |
||
| 100 | 1 |
_aBircann Sánchez, Juan Carlos _957750 |
|
| 245 | 1 | 0 |
_aEstudios sobre criminología y derecho penal / _cJuan Carlos Bircann Sánchez. |
| 260 |
_aSanto Domingo : _bEscuela Nacional Ministerio Público, _c2011. |
||
| 300 |
_a158 p. ; _c24 cm. |
||
| 504 | _aBibliografía: p.151-155 | ||
| 999 |
_c30779 _d30779 |
||